W Biblii - Nagła Śmierć - Statystyki

Ogólne statystyki
  • Ten quiz został rozwiązany 279 razy
  • Średni wynik to 9 z 21
Answers on the Grid
Answers color-coded by a green-red scale on the quiz's grid according to % correct below.
Baal
Budda
Chiny
Cyrus Wieki
Czyściec
Egipt
Gołębie
Goliat
Harfy
Izebel
Jerozolima
Koguty
Lamy
Lilith
Lwy
Mahomet
Manna
Miód
Mojżesz
Ocet
Osły
Puzon
Równik
Rydwany
Rzym
Sieci rybackie
Święty Patryk
Tęcze
Tlen
Trolle
Wielbłądy
Wieża Babel
 
Statystyki odpowiedzi
Odpowiedź % Poprawnych
Jerozolima
67%
Goliat
66%
Egipt
65%
Mojżesz
57%
Wieża Babel
57%
Baal
55%
Manna
50%
Gołębie
49%
Sieci rybackie
46%
Osły
44%
Wielbłądy
44%
Lwy
43%
Rzym
41%
Miód
38%
Harfy
37%
Koguty
32%
Rydwany
32%
Cyrus Wieki
29%
Tęcze
28%
Ocet
27%
Izebel
25%
Nie znaleziono quizów pasujących do podanych kryteriów
Rozkład punktacji
Procent ludzi z każdym wynikiem
Percentyl według liczby udzielonych odpowiedzi
Twoja historia wyników
Nie rozwiązałeś tego quizu